000 005900000a22001810004500
003 MACL
005 20160322162552.0
008 160322b xxu||||| |||| 00| 0 eng d
040 _aMACL
_cMACL
041 _aHindi
082 _a300
100 _aकुमारी अणिमा
_948088
245 _aसमकालीन भारतीय दर्शन में सर्वधर्म समभाव
260 _bसमीक्षा प्रकाशन
_c2007
_aनई दिल्‍ली
350 _a200
650 _aLiterature
_948089
942 _cHIN
_k100
_2ddc
999 _c11475
_d11475